Manatma Gandhi : (Record no. 64965)

MARC details
000 -LEADER
fixed length control field 00450nam a22001577a 4500
005 - DATE AND TIME OF LATEST TRANSACTION
control field 20170828145721.0
020 ## - INTERNATIONAL STANDARD BOOK NUMBER
International Standard Book Number 8186562001
Terms of availability 225.00
035 ## - SYSTEM CONTROL NUMBER
System control number B-058743
037 ## - SOURCE OF ACQUISITION
Stock number DPL
Source of stock number/acquisition ENG
100 ## - MAIN ENTRY--PERSONAL NAME
Personal name Bhattacharyya, S.N.
245 ## - TITLE STATEMENT
Title Manatma Gandhi :
Remainder of title The journalist /
Statement of responsibility, etc by S.N. Bhattacharyya
250 ## - EDITION STATEMENT
Edition statement 2nd ed.2000
260 ## - PUBLICATION, DISTRIBUTION, ETC. (IMPRINT)
Place of publication, distribution, etc New Delhi
Name of publisher, distributor, etc National Gandhi Museum
300 ## - PHYSICAL DESCRIPTION
Extent 196p.
Dimensions 20 cms.
942 ## - ADDED ENTRY ELEMENTS (KOHA)
Source of classification or shelving scheme Dewey Decimal Classification
Item type English Books
Classification part 301.153
Call number suffix GAN
Holdings
Withdrawn status Lost status Not for loan Collection code Home library Current library Date acquired Cost, normal purchase price Full call number Barcode Cost, replacement price Koha item type Public note
      Non-fiction Sarojini Nagar Sarojini Nagar 13/04/2012 225.00 301.153 GAN B-058743 225.00 English Books WITHDRAWN LIST NO. 5/10

© Delhi Public Library
Hit Counter
free hit counter